000 00655nam a22002177a 4500
005 20170124110205.0
010 _a560355
020 _c00.00
035 _a560355
037 _bCen Lib/Ret
040 _aDPL
_bEN
082 _a136.73
_bHOR
100 _aHorrocks, John E
_922198
245 _aBehavior and development /
_cby John E. Horrocks
260 _aBoston
_bHoughton Mifflin
_c1951
300 _axxvi,613p.
_c21cm(Hb)
500 _aIncludes index
650 _aAdolescent psychology--Study and teaching
_937010
650 _aAdolescent psychology--Study and teaching (Secondary)
_937011
942 _2ddc
_cEN
_h136.73
_mHOR
999 _c133159
_d133159